• 首页
  • 本馆介绍
  • 公告通知
  • 最新文献
  • 馆藏检索
  • 电子资源
  • 读者导购
  • 参考咨询
  • 我的图书馆
  • 登录
  • 详细信息显示
  • 放入我的书架
  • 预约/预借图书
  • 作者相关作品
  • 分类相关作品
  • 丛书相关作品
  • 出版社相关作品

书目信息

  • 表格格式
  • 工作单格式
  • 卡片格式
题名:
台湾舞曲
    
 
作者: 江文也 著
分册:  
出版信息: 北京   人民音乐出版社  1982.7
页数: 35页
开本: 20cm
丛书名:
单 册:
中图分类: J645
科图分类:
主题词: 音乐--作品--中国
电子资源:
ISBN:
000 00575nam0 2200205 45
001 0312221749
005 20040512111336.9
010    @dCNY0.40
100    @a20031222d1982 km y0chiy0120 ea
101    @achi
105    @a z 000yy
200 1  @a台湾舞曲@e管弦乐总谱@EGuan Xian Yue Zong Pu@ATai Wan Wu Qu@f江文也著@FJiang Wen Ye Zhu
210    @a北京@c人民音乐出版社@d1982.7
215    @a35页@d20cm
517    @a管弦乐总谱@AGuan Xian Yue Zong Pu
606 0  @a音乐@x作品@x中国
690    @aJ645@v3
701 0  @a江文也@4著
801    @aCN@bTSTCL@c20031222
905    @dJ645@e66
    
    台湾舞曲:管弦乐总谱/江文也著.-北京:人民音乐出版社,1982.7
    35页;20cm
    
    
    ISBN :CNY0.40
    
●
相关链接 在E读中查询图书 在五车中查询图书 在当当中查询图书 在豆瓣中查询图书


正题名:台湾舞曲     索取号:J645/66         预约/预借

序号 登录号 条形码 馆藏地/架位号 状态 备注
1 0083429   001237897   第一借阅区/ [索取号:J645/66] 在馆    
2 0083430   001237851   第一借阅区/ [索取号:J645/66] 在馆    
3 0083431   001237888   第一样本阅览室/ [索取号:J645/66] 在馆    
唐山师范学院图书馆 欢迎您!
大连网信软件有限公司© 版权所有